Normal view
MARC view
Entry Personal Name
001 - CONTROL NUMBER
- control field: 234979
003 - CONTROL NUMBER IDENTIFIER
- control field: OSt
005 - DATE AND TIME OF LATEST TRANSACTION
- control field: 20250811094333.0
008 - FIXED-LENGTH DATA ELEMENTS
- fixed length control field: 250811|| aca||aabn | a|a d
040 ## - CATALOGING SOURCE
- Original cataloging agency: OSt
- Transcribing agency: OSt
100 ## - HEADING--PERSONAL NAME
- Personal name: RADHAKRASHNA (K E)
- Dates associated with a name: ರಾಧಾಕೃಷ್ಣ (ಕೆ ಇ)
670 ## - SOURCE DATA FOUND
- Source citation: Work cat.: (OSt)149577: RADHAKRASHNA (K E) ರಾಧಾಕೃಷ್ಣ (ಕೆ ಇ), Satyappe balelu, 2012